Rời nẻo đường quen

Sparad:
Bibliografiska uppgifter
Huvudupphovsman: Steinbeck, John
Materialtyp: Bok
Språk:Undetermined
Publicerad: Thành phố Hồ Chí Minh Văn Nghệ 1999
Ämnen:
Taggar: Lägg till en tagg
Inga taggar, Lägg till första taggen!
Thư viện lưu trữ: Trung tâm Học liệu Trường Đại học Cần Thơ
LEADER 00603nam a2200205Ia 4500
001 CTU_35646
008 210402s9999 xx 000 0 und d
020 |c 25000 
082 |a 813.5 
082 |b S819r 
100 |a Steinbeck, John 
245 0 |a Rời nẻo đường quen 
245 0 |c John Steinbeck; Phạm Viêm Phương dịch 
260 |a Thành phố Hồ Chí Minh 
260 |b Văn Nghệ 
260 |c 1999 
650 |a American fiction ( vietnamese ) 
650 |y 20th century 
904 |i Trọng Hải 
980 |a Trung tâm Học liệu Trường Đại học Cần Thơ